LDR 01109naa#a2200181#i#450# 001 RU\\bibl\126710 005 20260630002452.2 011 ## _a2223-9987 100 ## _a20260629b2026####ek#y0rusy0150####ca 102 ## _aRU 200 1# _aПроблемы и перспективы совершенствования конструкций и методов испытаний трехосных тележек грузовых вагонов для повышенных осевых нагрузок (на примере промышленного транспорта) _eЖурнальная статья 210 1# _aСанкт-Петербург _cФГБОУ ВО "Петербургский государственный университет путей сообщения Императора Александра I" _d2026 215 ## _a20 с. 608 ## _aЖурнальная статья _2local 675 ## _aТележки с числом осей более двух. 629.4.027.25 _z 700 #1 _aПетров _gДаниил Юрьевич 700 #1 _aБороненко _gЮрий Павлович 856 4# _aatjournal.ru _u